000 00313 a2200145 4500
001 195172
020 _a978-85-513-0818-9
040 _cMagnum
100 _aJunqueira, Sonia
240 1 0 _aConfusão na roça
_l
245 1 0 _aConfusão na roça
362 0 _a2021
697 _aLITERATURA INFANTO
942 _cBK
999 _c195172
_d195172